000 00264nam a22001217a 4500
008 181219b xxu||||| |||| 00| 0 eng d
041 _aeng
080 _a721
100 _a45
101 _aARK
245 _aEarly.connecticut Houses
_cBrown.A.F
942 _2udc
_cBK
999 _c53487
_d53487